Cargando…

A dictionary of neurological signs : clinical neurosemiology /

Whereas most textbooks of neurology approach the subject from either a symptomatic or a diagnostic standpoint, this dictionary focuses on some of the neurological signs which may be elicited through history-taking and physical examination. More than 600 structured and cross-referenced definitions ar...

Descripción completa

Detalles Bibliográficos
Clasificación:Libro Electrónico
Autor principal: Larner, A. J.
Formato: Electrónico eBook
Idioma:Inglés
Publicado: Dordrecht ; Boston : Kluwer Academic Publishers, 2001.
Temas:
Acceso en línea:Texto completo

MARC

LEADER 00000cam a2200000 a 4500
001 EBOOKCENTRAL_ocm51892441
003 OCoLC
005 20240329122006.0
006 m o d
007 cr cn|||||||||
008 030321s2001 ne a obd 000 0 eng d
040 |a N$T  |b eng  |e pn  |c N$T  |d OCLCQ  |d YDXCP  |d OCLCQ  |d TUU  |d OCLCQ  |d TNF  |d OCLCQ  |d EBLCP  |d OCLCO  |d UAB  |d IDEBK  |d OCLCQ  |d ZCU  |d GW5XE  |d OCLCF  |d OCLCQ  |d DEBSZ  |d COO  |d INU  |d MERUC  |d CCO  |d E7B  |d DKDLA  |d AU@  |d OKU  |d OCLCQ  |d SUR  |d MOR  |d PIFBR  |d OTZ  |d OCLCQ  |d COCUF  |d OCLCQ  |d OCLCO  |d WY@  |d U3W  |d LUE  |d STF  |d OCLCO  |d WRM  |d GILDS  |d OCLCO  |d OCLCQ  |d OCLCO  |d CEF  |d NRAMU  |d ICG  |d INT  |d VT2  |d TOF  |d OCLCQ  |d OCLCO  |d TKN  |d DKC  |d OCLCO  |d OCLCQ  |d CNTRU  |d OCLCQ  |d OCLCA  |d OCLCQ  |d OCLCA  |d AJS  |d UKAHL  |d OCLCO  |d OCLCQ  |d OCLCO  |d OCLCL 
015 |a GBA163399  |2 bnb 
019 |a 55046960  |a 62892540  |a 70771855  |a 228375351  |a 475776900  |a 488809347  |a 517834147  |a 559625162  |a 647316708  |a 722220638  |a 842287558  |a 872012825  |a 961488104  |a 961687860  |a 962570928  |a 962698306  |a 984856614  |a 991953539  |a 1044080159  |a 1053056545  |a 1056346986  |a 1060833372  |a 1074100595 
020 |a 0306475057  |q (electronic bk.) 
020 |a 9780306475054  |q (electronic bk.) 
020 |a 1402000421  |q (HB ;  |q alk. paper) 
020 |a 9781402000423  |q (HB ;  |q alk. paper) 
020 |a 6610208271 
020 |a 9786610208272 
020 |z 140200043X 
020 |z 9781402000430 
029 1 |a AU@  |b 000050898299 
029 1 |a AU@  |b 000053013702 
029 1 |a AU@  |b 000058011463 
029 1 |a DEBBG  |b BV044091048 
029 1 |a DEBSZ  |b 430280122 
029 1 |a DKDLA  |b 820010-katalog:ssj0000138679 
029 1 |a NZ1  |b 14234278 
029 1 |a NZ1  |b 15290372 
035 |a (OCoLC)51892441  |z (OCoLC)55046960  |z (OCoLC)62892540  |z (OCoLC)70771855  |z (OCoLC)228375351  |z (OCoLC)475776900  |z (OCoLC)488809347  |z (OCoLC)517834147  |z (OCoLC)559625162  |z (OCoLC)647316708  |z (OCoLC)722220638  |z (OCoLC)842287558  |z (OCoLC)872012825  |z (OCoLC)961488104  |z (OCoLC)961687860  |z (OCoLC)962570928  |z (OCoLC)962698306  |z (OCoLC)984856614  |z (OCoLC)991953539  |z (OCoLC)1044080159  |z (OCoLC)1053056545  |z (OCoLC)1056346986  |z (OCoLC)1060833372  |z (OCoLC)1074100595 
050 4 |a RC348  |b .L37 2001eb 
060 4 |a WL 13  |b L325d 2001 
072 7 |a HEA  |x 039110  |2 bisacsh 
072 7 |a MED  |x 056000  |2 bisacsh 
072 7 |a RC  |2 lcco 
082 0 4 |a 616.8  |2 21 
049 |a UAMI 
100 1 |a Larner, A. J. 
245 1 2 |a A dictionary of neurological signs :  |b clinical neurosemiology /  |c by A.J. Larner. 
260 |a Dordrecht ;  |a Boston :  |b Kluwer Academic Publishers,  |c 2001. 
300 |a 1 online resource (xv, 226 pages) :  |b illustrations 
336 |a text  |b txt  |2 rdacontent 
337 |a computer  |b c  |2 rdamedia 
338 |a online resource  |b cr  |2 rdacarrier 
504 |a Includes bibliographical references. 
520 |a Whereas most textbooks of neurology approach the subject from either a symptomatic or a diagnostic standpoint, this dictionary focuses on some of the neurological signs which may be elicited through history-taking and physical examination. More than 600 structured and cross-referenced definitions are supplemented, where appropriate, with the neuroanatomical and neurophysiological basis of each sign. Hence the semiological value of signs is elucidated in a way which attempts to integrate clinical phenomenology with underlying neurobiology, thus guiding anatomical and pathological diagnosis and appropriate treatment. This book will be of interest to all students of neurology, undergraduate and postgraduate, as well as more experienced clinicians, including general physicians and general practitioners, and members of ancillary professions who care for patients with neurological disease. 
588 0 |a Print version record. 
505 0 |a Cover -- Table of Contents -- Foreword -- Preface -- Acknowledgements -- A-Z -- A -- B -- C -- D -- E -- F -- G -- H -- I -- J -- K -- L -- M -- N -- O -- P -- Q -- R -- S -- T -- U -- V -- W -- X -- Y 
590 |a ProQuest Ebook Central  |b Ebook Central Academic Complete 
650 0 |a Nervous system  |x Diseases  |x Diagnosis  |v Dictionaries. 
650 0 |a Symptoms  |v Dictionaries. 
650 0 |a Neurologic manifestations of general diseases  |v Dictionaries. 
650 0 |a Neurologic manifestations of general diseases. 
650 1 2 |a Neurologic Manifestations 
650 6 |a Système nerveux  |x Maladies  |x Diagnostic  |v Dictionnaires anglais. 
650 6 |a Signes et symptômes  |x Dictionnaires anglais. 
650 6 |a Manifestations neurologiques des maladies  |v Dictionnaires anglais. 
650 6 |a Manifestations neurologiques des maladies. 
650 7 |a HEALTH & FITNESS  |x Diseases  |x Nervous System (incl. Brain)  |2 bisacsh 
650 7 |a MEDICAL  |x Neurology.  |2 bisacsh 
650 7 |a Nervous system  |x Diseases  |x Diagnosis  |2 fast 
650 7 |a Neurologic manifestations of general diseases  |2 fast 
650 7 |a Symptoms  |2 fast 
653 |a Andre fag (naturvidenskab og teknik)  |a Andre fag 
655 2 |a Dictionary 
655 7 |a dictionaries.  |2 aat 
655 7 |a Dictionaries  |2 fast 
655 7 |a Dictionaries.  |2 lcgft 
655 7 |a Dictionnaires.  |2 rvmgf 
758 |i has work:  |a A dictionary of neurological signs (Text)  |1 https://id.oclc.org/worldcat/entity/E39PCGYRfG87yVxpCqPPpyRFrq  |4 https://id.oclc.org/worldcat/ontology/hasWork 
776 0 8 |i Print version:  |a Larner, A.J.  |t Dictionary of neurological signs.  |d Dordrecht ; Boston : Kluwer Academic Publishers, 2001  |z 1402000421  |w (DLC) 2001043411  |w (OCoLC)47798279 
856 4 0 |u https://ebookcentral.uam.elogim.com/lib/uam-ebooks/detail.action?docID=3035648  |z Texto completo 
938 |a Askews and Holts Library Services  |b ASKH  |n AH3772933 
938 |a ProQuest Ebook Central  |b EBLB  |n EBL219534 
938 |a EBSCOhost  |b EBSC  |n 78409 
938 |a YBP Library Services  |b YANK  |n 2292181 
994 |a 92  |b IZTAP